MDQL
is popping MORE tags! Check the
thread
!
Quizzes
Events
Quiz Creation
Community
Videos
Private Events
Remove Ads
Sign In
Join for FREE
Feedback
Dark Mode
Quiz Categories
Sports
Geography
Music
Movies
Television
Just For Fun
Miscellaneous
History
Literature
Language
Science
Gaming
Entertainment
Religion
Holiday
For Kids
Quiz Lab
Recent
Popular Today
Quiz Kudos Today
Editor Picks
Curator Picks
Quizzes by...
Day
Popularity
Type
Ratings
Length
Year
Community
Subscriptions
Recent Discussions
Orange Saloon
Badges
Playlists
Quests
Create
Leaderboards
Showdown
Live 5
Trivia Bingo
Activity
Puzzle Library
Sporcle Events
Private Events
Virtual Trivia
Globe League
Become a Host
Pub Owners
SporcleCon
Opinionation
Our Games
Videos
Blog
Mobile Apps
Partnerships
Remove Ads and Go Orange
Feedback
Miscellaneous
Crossword
General Knowledge
Baby Names
Logo
Food
Cars
Numbers
Grab Bag
University
College
Popular
Company
Slogans
Restaurants
Justice
Letter
Miscellaneous
Crossword
General Knowledge
Baby Names
Logo
Food
Cars
Numbers
Grab Bag
University
College
Popular
Company
Slogans
Restaurants
Justice
Letter
Random Quiz
Search Sporcle
×
Quiz Lab
Quiz Lab
Miscellaneous
Philadelphia
Type in answers that appear in a list
Type in answers that appear in a list
Classic
Best Score? Go Orange.
Amtrak Cardinal Stations Stats
Can you name the Amtrak Cardinal (Chicago-Washington DC-New York) Stations?
By
Kwin
10m
32 Questions
172 Plays
172 Plays
172 Plays
Comments
Comments
Give Quiz Kudos
Give Quiz Kudos
-
- Ratings
hide this ad
Replay
Link that replays current quiz
Next Quiz
Link to next quiz in quiz playlist
You Got
0%
They Got
Avg Score
64%
Avg Friend Score
Upgrade to see
Score Distribution
Jump to the score distribution portion of the page
Score
0/32
Timer
10:00
0
Plays Today
State
Town
% Correct
Illinois
Chicago
97.1%
District of Columbia
Washington
94.2%
New York
New York
93%
Indiana
Indianapolis
92.4%
Maryland
Baltimore
92.4%
Pennsylvania
Philadelphia
91.3%
New Jersey
Trenton
90.7%
New Jersey
Newark
90.1%
Delaware
Wilmington
87.8%
Ohio
Cincinnati
84.9%
West Virginia
Charleston
84.9%
Virginia
Alexandria
76.7%
West Virginia
Huntington
66.3%
Virginia
Charlottesville
66.3%
Virginia
Manassas
64.5%
Indiana
Lafayette
61.6%
State
Town
% Correct
Kentucky
Ashland
57%
Virginia
Culpeper
50.6%
Indiana
Dyer
48.3%
West Virginia
Prince
48.3%
West Virginia
White Sulphur Springs
48.3%
Virginia
Staunton
48.3%
Virginia
Clifton Forge
47.7%
Indiana
Crawfordsville
45.9%
Kentucky
Maysville
44.2%
West Virginia
Thurmond
43.6%
Indiana
Rensselaer
43%
Indiana
Connersville
43%
West Virginia
Montgomery
41.3%
West Virginia
Hinton
40.1%
West Virginia
Alderson
38.4%
Kentucky
South Portsmouth-South Shore
33.1%
Quiz Playlist
Details
Report
Send in Message
Add To Playlist
Classic:
Type in answers that appear in a list
Last Updated: Feb 16, 2017
Quiz Scoreboard
CHALLENGE
Sign Up to Join the Scoreboard
Show All
Scores
Hide
Comments
May contain spoilers
Recently Published
Colored Red Africa Blitz
by spor1
Geography
30s
Find the 'City' Movie
by crazypaving
Movies
60s
5x2 Blitz: Bands
by SL_Kpop136
Music
30s
More to Explore
Quiz From the Vault
Featured Blog Post
14 Easter Pick-up Lines to Find Eggs With
hide this ad
You Might Also Like...
Tags
amtrak
Baltimore
chicago
cincinnati
Indianapolis
New York
Philadelphia
train
Washington
Today's Top Quizzes in Miscellaneous
Browse Miscellaneous
hide this ad
Today's Top Quizzes in Philadelphia
Browse Philadelphia
Top Contributed Quizzes in Miscellaneous
1
The JOE quick-fire general knowledge quiz: Day 174
2
5-to-1: Fast Food
3
9x9 Crossword: Disney Movie Titles
4
9x9 Crossword: Charlie and the Chocolate Factory
5
The JOE quick-fire general knowledge quiz: Day 173
6
9x9 Crossword: 2022 Movies
7
9x9 Crossword: Actors
8
9x9 Crossword: The Simpsons
9
9x9 Crossword: Pixar Movie Titles
10
9x9 Crossword: Flags
Explore More
Trending Topics
Crossword
Disney
Marvel
Harry Potter
Anime
Kpop
NBA
The Office
Pokémon
Soccer
Song
Puzzle
NFL
WWE
Country
hide this ad
More By:
Kwin
Quiz
Plays
Rating
Category
Featured
Created
MLB NL East 2000s HR Leaders
8,291
4.30
Sports
Dec 1, 2010
MLB AL West 2000s HR Leaders
4,200
4.40
Sports
Dec 21, 2010
MLB AL Central 2000s HR Leaders
3,960
4.47
Sports
Dec 21, 2010
MLB AL East 2000s HR Leaders
2,544
4.54
Sports
Dec 19, 2010
MLB NL Central 2000s HR Leaders
1,798
4.44
Sports
Dec 6, 2010
Go to Creator's Profile
Score Distribution
Quiz Creator Spotlight
Kwin
Follow
Send a Message
Quizzes Created
-
Created Quiz Play Count
-
More By This Creator
Popular Quizzes Today
1
Colored Red Africa Blitz
2
Find the US States - No Outlines Minefield
3
Find the 'City' Movie
4
5x2 Blitz: Bands
5
The Countries of the World
6
Find the US States
7
Find the Countries of Europe - No Outlines Minefield
8
US States
More Miscellaneous Quizzes
Enormous Crossword: Africa
Quiz Lab
Trending Quizzes
Colored Red Europe Blitz I
Colored Red Europe Blitz II
Colored Red Africa Blitz II
Colored Red Europe Blitz III
Colored Red Africa Blitz III
Recently Updated
How Do You Spell That?
pecheneg
Godzilla Movies
pecheneg
Grab Bag: 4-10 Letters
pecheneg
2024 March Madness Bracket
pecheneg
Famous TV Couples
Peacemaker
Champions League XIs: Real Madrid
pecheneg
Largest US Cities 1790-2010
pecheneg
Rides in Walt Disney World
pecheneg
Most Oscar Losses (Acting)
pecheneg
Beyoncé Albums
pecheneg
Trending Topics
Crossword
Disney
NBA
Harry Potter
Marvel
Kpop
Anime
The Office
Pokémon
NFL
Country
WWE
Puzzle
Soccer
Song
Your Account Isn't Verified!
In order to create a playlist on Sporcle, you need to verify the email address you used during registration. Go to your
Sporcle Settings
to finish the process.
Report this User
Report this user for behavior that violates our
Community Guidelines
.
Details:
Send Report
Go to the Sporcle.com Mobile Site →
Comments